| 000 | 00798nam a22002057a 4500 | ||
|---|---|---|---|
| 008 | 090205t xxu||||| |||| 00| 0 eng d | ||
| 010 | _aENG-92878 | ||
| 020 |
_c100.00 _a9788190637619 |
||
| 035 | _aEN-76411 | ||
| 037 | _bDBAD / PUB | ||
| 040 |
_adpl _bEnglish |
||
| 082 | _a305.5122095431 | ||
| 100 | _aAnnamalai, M. | ||
| 245 |
_aEmergence of depressed classes in Tamil Nadu / _cby M. Annamalai |
||
| 260 |
_aCheyyar _bN. Prema Publications _c2008 |
||
| 270 |
_a#6, Desapalanivel Street, _bCheyyar _e604407 |
||
| 300 |
_ax, 103p. _c22cm (pbk) |
||
| 942 |
_2ddc _cEN _mANN _h305.5122095431 |
||
| 999 |
_c23065 _d23065 |
||